Seven Churches of Asia - Statistics

General Stats
  • This quiz has been taken 30 times
  • The average score is 4 of 7
Answer Stats
Answer % Correct
Ephesus
83%
Philadelphia
74%
Laodicea
65%
Smyrna
61%
Pergamum
52%
Thyatira
52%
Sardis
43%
No matching quizzes found
Score Distribution
Percent of People with Each Score
Percentile by Number Answered
Your Score History
You have not taken this quiz